Top 15 - Equipos con más partidos en Champions League - Estadísticas

Estadísticas generales
  • Esta prueba ha sido intentada 262 veces
  • La puntuación promedio es 12 de 15
Estadísticas de respuestas
Top Partidos Equipo % Correcto
354 Barcelona
100%
494 Real Madrid
100%
399 Bayern Munich
98%
13° 218 Inter
98%
299 Manchester United
98%
278 Milán
98%
10° 253 Liverpool
95%
306 Juventus
94%
11° 247 Ajax
83%
14° 216 Arsenal
83%
277 Porto
82%
297 Benfica
81%
15° 204 PSV
63%
12° 233 Celtic
49%
261 Dinamo Kiev
12%
No se encontraron pruebas coincidentes
Distribución de puntuación
Porcentaje de gente con cada puntuación
Porcentaje por número respondido
Historial de tus puntuaciones
No has intentado esta prueba.